Generator Puzzle #67 - Statistics

General Stats
  • This quiz has been taken 120 times
  • The average score is 14 of 21
Answer Stats
clue word % Correct
what witches cast spell
94%
Neil Armstrong took one small one step
90%
expression of happiness smile
86%
not fat slim
84%
this reveals your heart rate pulse
82%
not complicated simple
80%
flower, subject of a 1600's economic crash tulip
80%
men's formal wear suit
79%
what happened to Exxon Valdez's oil spill
77%
stalk of a plant; also to restrain stem
76%
___ after ___, says Cyndi Lauper time
76%
Skye or Wight, for example isle
72%
denotes addition plus
72%
a ship's lean; also a series of written-down items list
69%
what axes do to logs split
59%
breakfast cereal muesli
54%
shock sports result; also distress upset
52%
thin column of rising smoke plume
32%
type of cereal grain millet
25%
downhill ski trail piste
19%
MULTIPLES
13%
No matching quizzes found
Score Distribution
Percent of People with Each Score
Percentile by Number Answered
Your Score History
You have not taken this quiz